000 00369nam a2200145Ia 4500
008 230711s9999||||xx |||||||||||||| ||und||
041 _aENG
082 _bHA-I
100 _aChristopher,Hampton
245 2 _aA guide to IELTS
250 _a1st . Ed.
260 _c2002
_aNew Delhi
_bEWP(Affiliated East-West Press Private Limited)
650 _aLiterature
942 _cBK
999 _c4202
_d4202